Areas and methods of audiovisual translation research

This little gem offers the reader an overview of the various practices that form part of the ever increasing field of audiovisual translation (AVT) and makes brave inroads into the less glamorous but definitely needed areas of theory and research. Covering a wide range of topics in research in AVT,...

ver descrição completa

Na minha lista:
Detalhes bibliográficos
Autor principal: Bogucki, Lukasz
Formato: Livro
Idioma:Undetermined
Publicado em: Berlin Peter Lang 2013
Assuntos:
Tags: Adicionar Tag
Sem tags, seja o primeiro a adicionar uma tag!
Thư viện lưu trữ: Trung tâm Học liệu Trường Đại học Cần Thơ
LEADER 01178nam a2200217Ia 4500
001 CTU_238435
008 210402s9999 xx 000 0 und d
082 |a 418.020208 
082 |b B675 
100 |a Bogucki, Lukasz 
245 0 |a Areas and methods of audiovisual translation research 
245 0 |c Lukasz Bogucki 
260 |a Berlin 
260 |b Peter Lang 
260 |c 2013 
520 |a This little gem offers the reader an overview of the various practices that form part of the ever increasing field of audiovisual translation (AVT) and makes brave inroads into the less glamorous but definitely needed areas of theory and research. Covering a wide range of topics in research in AVT, and admittedly questioning 'whether a universal methodology for audiovisual translation research is feasible', this volume theorises about the nature of AVT, helps to frame some of the current trends, and points to potentially new research avenues. 
526 |a Luận văn tốt nghiệp 
526 |b SPA000 
650 |a Biên dịch và phiên dịch,Translating and interpreting 
910 |b vtbtruc 
980 |a Trung tâm Học liệu Trường Đại học Cần Thơ